000 01058cab a2200301 4500
001 ABS58161
008 090401t1998 xxu||||| |||| 00| 0 eng d
035 _a(Sirsi) u83367
041 _aeng
100 _aMynors, C.
245 _aDo we need listed building consent?
260 _c1998
350 _a0
490 _aJournal of Planning and Environment Law
_vFebruary 1998, 101-115(15)
520 _aDeals with issues raised by the government green paper, "Protecting our heritage", relating to buildings and areas of special interest. Puts forward the suggestion that the whole system of listed building consent should be abolished.
650 _aBURROUGHS DAY V BRISTOE CC
650 _aCAMBRIDGE CC V SOS AND MILTON PARK INVESTMENTS
650 _aFUTURE
650 _aGREEN PAPER
650 _aLISTED BUILDING CONSENT
650 _aLISTED BUILDING CONTROL
650 _aLISTED BUILDINGS
650 _aPROTECTING OUR HERITAGE
650 _aSHIMIZU V WESTMINSTER CC
690 _aCONSERVATION
942 _n0
948 _c28/01/1998
999 _c52651
_d52651